<?xml version="1.0" encoding="UTF-8"?><?xml-stylesheet type="text/xsl" href="static/style.xsl"?><OAI-PMH xmlns="http://www.openarchives.org/OAI/2.0/" xmlns:xsi="http://www.w3.org/2001/XMLSchema-instance" xsi:schemaLocation="http://www.openarchives.org/OAI/2.0/ http://www.openarchives.org/OAI/2.0/OAI-PMH.xsd"><responseDate>2026-04-14T06:21:37Z</responseDate><request verb="GetRecord" identifier="oai:www.recercat.cat:11351/14393" metadataPrefix="marc">https://recercat.cat/oai/request</request><GetRecord><record><header><identifier>oai:recercat.cat:11351/14393</identifier><datestamp>2026-03-26T20:50:44Z</datestamp><setSpec>com_2072_378070</setSpec><setSpec>com_2072_378040</setSpec><setSpec>col_2072_378092</setSpec></header><metadata><record xmlns="http://www.loc.gov/MARC21/slim" xmlns:dcterms="http://purl.org/dc/terms/" xmlns:xsi="http://www.w3.org/2001/XMLSchema-instance" xmlns:doc="http://www.lyncode.com/xoai" xsi:schemaLocation="http://www.loc.gov/MARC21/slim http://www.loc.gov/standards/marcxml/schema/MARC21slim.xsd">
   <leader>00925njm 22002777a 4500</leader>
   <datafield ind2=" " ind1=" " tag="042">
      <subfield code="a">dc</subfield>
   </datafield>
   <datafield ind2=" " ind1=" " tag="720">
      <subfield code="a">García Domínguez, José M.</subfield>
      <subfield code="e">author</subfield>
   </datafield>
   <datafield ind2=" " ind1=" " tag="720">
      <subfield code="a">VILLARRUBIA, NOELIA</subfield>
      <subfield code="e">author</subfield>
   </datafield>
   <datafield ind2=" " ind1=" " tag="720">
      <subfield code="a">Montalban, Xavier</subfield>
      <subfield code="e">author</subfield>
   </datafield>
   <datafield ind2=" " ind1=" " tag="720">
      <subfield code="a">Rodero-Romero, Alexander</subfield>
      <subfield code="e">author</subfield>
   </datafield>
   <datafield ind2=" " ind1=" " tag="720">
      <subfield code="a">Dominguez-Mozo, Maria Inmaculada</subfield>
      <subfield code="e">author</subfield>
   </datafield>
   <datafield ind2=" " ind1=" " tag="720">
      <subfield code="a">Monreal, Enric</subfield>
      <subfield code="e">author</subfield>
   </datafield>
   <datafield ind2=" " ind1=" " tag="720">
      <subfield code="a">Fernández Velasco, José Ignacio</subfield>
      <subfield code="e">author</subfield>
   </datafield>
   <datafield ind2=" " ind1=" " tag="720">
      <subfield code="a">Comabella Lopez, Manuel</subfield>
      <subfield code="e">author</subfield>
   </datafield>
   <datafield ind2=" " ind1=" " tag="260">
      <subfield code="c">2026-03-25T10:15:49Z</subfield>
   </datafield>
   <datafield ind2=" " ind1=" " tag="260">
      <subfield code="c">2026-03-25T10:15:49Z</subfield>
   </datafield>
   <datafield ind2=" " ind1=" " tag="260">
      <subfield code="c">2025-12</subfield>
   </datafield>
   <datafield ind2=" " ind1=" " tag="520">
      <subfield code="a">Serum soluble factors; Inflammatory disability; Multiple sclerosis</subfield>
   </datafield>
   <datafield ind2=" " ind1=" " tag="520">
      <subfield code="a">Factors solubles séricos; Discapacitat inflamatòria; Esclerosi múltiple</subfield>
   </datafield>
   <datafield ind2=" " ind1=" " tag="520">
      <subfield code="a">Factores solubles séricos; Discapacidad inflamatoria; Esclerosis múltiple</subfield>
   </datafield>
   <datafield ind2=" " ind1=" " tag="520">
      <subfield code="a">Introduction: Serum neurofilament light chains (sNfL) and glial fibrillary acidic protein (sGFAP) associate respectively with acute inflammation and smoldering disease in relapsing-remitting multiple sclerosis (MS) patients. We explored the proteomic profile associated with the different combinations of low or high levels of sNfL and sGFAP to explore immune mechanisms involved in different MS outcomes.Methods: Multicenter cross-sectional study including 253 treatment-naïve PwMS, and 180 healthy controls (HCs). sNfL and sGFAP levels were measured via SIMOA and patients were classified according to their levels into four groups: NLGL (normal sNfL and sGFAP), NHGL (high sNfL/normal sGFAP), NHGH (high sNfL and sGFAP), and NLGH (normal sNfL/high sGFAP). Serum proteomics were measured using the Olink™ 48 Cytokine panel. Results were analyzed by Kruskal-Wallis tests with Dunn’s post hoc analysis and further corrected by the False Discovery Rate analysis. Q-values below 0.05 were considered as significant.Results: Compared with HC, patients with low sGFAP concentrations exhibited decreased levels of granulocyte-macrophage colony stimulating factor (GM-CSF), a cytokine inducing innate cell activation q=0.009 for NLGL and q=0.002 for NHGL groups). Conversely, patients with high sGFAP values showed a remarkable decrease of epidermal growth factor (EGF), a cytokine involved in remyelination and axon repair produced by resting astroglia (q&lt;0.0001 for NHGH and NLGH respectively). Additionally, NLGH patients exhibited pronounced decreases in soluble mediators essential for adaptive immune activation, including FLT3LG, TNFSF12, and TNF-α, compared to HC. They also showed broad reductions in chemokines involved in leukocyte recruitment as CCL3, CCL7, and CCL4. The most important decrease was found in CCL2, a chemokine that attracts monocytes and memory T cells to the CNS. NLGH patients showed lower values than HC (q&lt;0.0001), NLGL (q=0.02), NHGL (q=0.02), and NHGH (q=0.03). These findings indicated that NLGH patients experience a reduction of the inflammatory response in the peripheral blood and a decreased immune cell attraction to the central nervous system combined with a lower ability of tissue repair.Discussion: We identified new molecules implied in the different pathological mechanisms occurring in patients with MS. These biomarkers could improve patient stratification, outcome prediction, and treatment optimization.</subfield>
   </datafield>
   <datafield ind2=" " ind1=" " tag="520">
      <subfield code="a">The author(s) declared that financial support was received for this work and/or its publication. This study has been funded by Instituto de Salud Carlos III (ISCIII) through the projects “PI21/00828” and “PI24/01018”, and by grants “RD21/0002/0053” and “RD24/0007/0013” from La Red Española de Enfermedades Inflamatorias and cofunded by the European Union.</subfield>
   </datafield>
   <datafield ind1="8" ind2=" " tag="024">
      <subfield code="a">https://hdl.handle.net/11351/14393</subfield>
   </datafield>
   <datafield tag="653" ind2=" " ind1=" ">
      <subfield code="a">Marcadors bioquímics</subfield>
   </datafield>
   <datafield tag="653" ind2=" " ind1=" ">
      <subfield code="a">Esclerosi múltiple</subfield>
   </datafield>
   <datafield tag="653" ind2=" " ind1=" ">
      <subfield code="a">Inflamació</subfield>
   </datafield>
   <datafield tag="653" ind2=" " ind1=" ">
      <subfield code="a">CHEMICALS AND DRUGS::Biological Factors::Biomarkers</subfield>
   </datafield>
   <datafield tag="653" ind2=" " ind1=" ">
      <subfield code="a">DISEASES::Pathological Conditions, Signs and Symptoms::Pathologic Processes::Inflammation</subfield>
   </datafield>
   <datafield tag="653" ind2=" " ind1=" ">
      <subfield code="a">DISEASES::Nervous System Diseases::Autoimmune Diseases of the Nervous System::Demyelinating Autoimmune Diseases, CNS::Multiple Sclerosis::Multiple Sclerosis, Relapsing-Remitting</subfield>
   </datafield>
   <datafield tag="653" ind2=" " ind1=" ">
      <subfield code="a">CHEMICALS AND DRUGS::Macromolecular Substances::Polymers::Biopolymers::Intermediate Filament Proteins::Neurofilament Proteins</subfield>
   </datafield>
   <datafield tag="653" ind2=" " ind1=" ">
      <subfield code="a">CHEMICALS AND DRUGS::Macromolecular Substances::Polymers::Biopolymers::Intermediate Filament Proteins::Glial Fibrillary Acidic Protein</subfield>
   </datafield>
   <datafield tag="653" ind2=" " ind1=" ">
      <subfield code="a">COMPUESTOS QUÍMICOS Y DROGAS::factores biológicos::biomarcadores</subfield>
   </datafield>
   <datafield tag="653" ind2=" " ind1=" ">
      <subfield code="a">ENFERMEDADES::afecciones patológicas, signos y síntomas::procesos patológicos::inflamación</subfield>
   </datafield>
   <datafield tag="653" ind2=" " ind1=" ">
      <subfield code="a">ENFERMEDADES::enfermedades del sistema nervioso::enfermedades autoinmunitarias del sistema nervioso::enfermedades autoinmunes desmielinizantes del SNC::esclerosis múltiple::esclerosis múltiple recurrente-remitente</subfield>
   </datafield>
   <datafield tag="653" ind2=" " ind1=" ">
      <subfield code="a">COMPUESTOS QUÍMICOS Y DROGAS::sustancias macromoleculares::polímeros::biopolímeros::proteínas de filamentos intermedios::proteínas de neurofilamentos</subfield>
   </datafield>
   <datafield tag="653" ind2=" " ind1=" ">
      <subfield code="a">COMPUESTOS QUÍMICOS Y DROGAS::sustancias macromoleculares::polímeros::biopolímeros::proteínas de filamentos intermedios::proteína ácida fibrilar de la glía</subfield>
   </datafield>
   <datafield ind2="0" ind1="0" tag="245">
      <subfield code="a">New serum soluble factors predicting inflammatory and non-inflammatory disability worsening in multiple sclerosis</subfield>
   </datafield>
</record></metadata></record></GetRecord></OAI-PMH>